000 00481nam a22001697a 4500
005 20251021151536.0
008 251021b |||||||| |||| 00| 0 eng d
037 _cREF
040 _aCRL
_cCRL
041 _2ENG
_aENG
084 _bCRL
245 _aRamanujan center for ethics and values:
_ba handbook
260 _aNew Delhi, India:
_bRamanujan college,
_c2011.
300 _a41p.
942 _2CC
_cREF
_n0
999 _c1464923
_d1464923